000 00385nam a2200145Ia 4500
005 20250729165656.0
008 250729s2007 xx 000 0 und d
041 _akan
082 _a370 YADU
100 _aDr.S.B.Yadawada
_9230298
245 _aPragathishila Bharathadalli Shikshana
260 _aGadaga
_bVidyanidhi Prakashana
_c2007
300 _a586p
650 _aEducation
_9230299
999 _c238712
_d238712